A1 Croatia (Zagreb - Split - Dubrovnik) - Statistics

General Stats
  • This quiz has been taken 88 times
  • The average score is 34 of 78
Answer Stats
Exit/Izlaz Towns/Mjesta % Correct
3. Karlovac Karlovac
94%
18. Zadar 2 Zadar (centar)
86%
17. Zadar 1 Zadar-zapad (centar)
86%
2. Jastrebarsko Jastrebarsko
83%
22. Šibenik Šibenik
82%
25. Dugopolje Split (aer.) ,(ferry), (marine)
80%
12. Gospić Gospić
79%
16. Posedarje Novigrad
76%
7. Ogulin Ogulin
76%
25. Dugopolje Dugopolje
73%
19. Benkovac Benkovac
71%
31. Ploče Ploče (ferry)
68%
20. Pirovac Pirovac
67%
21. Skradin Skradin
67%
10. Otočac Otočac
65%
16. Posedarje Posedarje
65%
30.a Vrgorac Vrgorac
65%
9. Žuta Lokva Senj
64%
29. Zagvozd Zagvozd
64%
24. Prgomet Prgomet
62%
28. Šestanovac Šestanovac
62%
5. Bosiljevo 1 Bosiljevo
61%
14. Sveti Rok Sveti Rok
61%
23. Vrpolje Vrpolje
61%
26. Bisko Bisko
59%
8. Brinje Brinje
59%
28. Šestanovac Makarska
58%
15. Maslenica Maslenica
58%
31. Ploče Dubrovnik
56%
11. Perušić Perušić
56%
27. Blato n/C Blato na Cetini
55%
24. Prgomet Trogir
55%
9. Žuta Lokva Rijeka
50%
15. Maslenica Rijeka
50%
25. Dugopolje Sinj
50%
22. Šibenik Knin
48%
16. Posedarje otok Pag
48%
19. Benkovac Biograd
47%
28. Šestanovac Omiš
47%
28. Šestanovac Imotski
45%
29. Zagvozd Imotski
45%
24. Prgomet Kaštela (aer.)
44%
30. Ravča Ravča
44%
20. Pirovac Vodice
41%
13. Gornja Ploča Udbina
39%
22. Šibenik Drniš
35%
14. Sveti Rok Gračac
35%
15. Maslenica Obrovac
35%
3. Karlovac Plitvička jezera
35%
10. Otočac Plitvička Jezera
35%
22. Šibenik Primošten
33%
17. Zadar 1 Nin
32%
3. Karlovac Duga Resa
29%
12. Gospić Karlobag
29%
21. Skradin N.P. Krka
27%
26. Bisko Trilj
27%
1.a Donja Zdenčina Klinča Sela
26%
18. Zadar 2 Zemunik (aer.)
26%
15. Maslenica Starigrad
24%
20. Pirovac otok Murter
23%
19. Benkovac Pakoštane
20%
14. Sveti Rok Lovinac
18%
18. Zadar 2 Sukošan
18%
26. Bisko Livno (BiH)
15%
30.a Vrgorac Ljubuški (BiH)
15%
20. Pirovac N.P. Kornati
15%
1.a Donja Zdenčina Pisarovina
15%
12. Gospić Lički Osik
14%
4. Novigrad n/D Novigrad na Dobri
14%
4. Novigrad n/D Novo Mesto (SLO)
14%
5. Bosiljevo 1 Novo Mesto (SLO)
14%
7. Ogulin Josipdol
11%
24.a Vučevica Lećevica
11%
23. Vrpolje Perković
9%
24.a Vučevica Konjsko
8%
7. Ogulin Bjelolasica
6%
8. Brinje Križpolje
5%
17. Zadar 1 Smilčić
5%
No matching quizzes found
Score Distribution
Percent of People with Each Score
Percentile by Number Answered
Your Score History
You have not taken this quiz